Diseño de un sistema de protección de descarga atmosférica y sobre tensiones para un edificio de apartamentos

Presenta un sistema de protección a descargas atmosféricas, para proteger la vida humana, así como equipos muy sensibles y costosos en algunas industrias, cabe destacar que en campos amplios sin edificaciones es muy difícil instalarlos ya que se requiere de ciertos parámetros para instalar un s...

Full description

Bibliographic Details
Main Authors: Donaire Martínez, Arlen Yamileth, Gago Maldonado, María Cristina
Other Authors: Tutor: Palacios Rodríguez, María Cristina
Format: Tesis Section = Libro
Language:Undetermined
Spanish
Published: Managua UNI 2018
Subjects:
LEADER 01194nam a2200265Ia 4500
008 240830s9999 xx 000 0 und d
040 |a BIBLIOTECA-RUSB/ Mon 621.372 D674 
041 |a spa 
082 |a Mon 621.372 D674 
100 1 |a Donaire Martínez, Arlen Yamileth 
100 1 |b Gago Maldonado, María Cristina 
245 1 0 |a Diseño de un sistema de protección de descarga atmosférica y sobre tensiones para un edificio de apartamentos 
260 |a Managua  |b UNI  |c 2018 
300 |a 83 p. :il. 
500 |a Contiene: anexo y CD. 
502 |a Tesis (Ingeniero Eléctrico) - UNI, 2018. 
520 3 |a Presenta un sistema de protección a descargas atmosféricas, para proteger la vida humana, así como equipos muy sensibles y costosos en algunas industrias, cabe destacar que en campos amplios sin edificaciones es muy difícil instalarlos ya que se requiere de ciertos parámetros para instalar un sistema de protección pararrayos. 
650 7 |a SISTEMA- DISEÑO 
650 7 |b  RAYO 
650 7 |c  DESCARGAS ATMOSFERICAS 
650 7 |d  FENOMENOS ELECTRICOS 
700 1 |a Tutor:  |b Palacios Rodríguez, María Cristina 
942 |c BK  |2 ddc 
991 |a TESIS 
999 |c 20226